ՀՀ Գիտությունների ազգային ակադեմիայի հիմնարար գիտական գրադարան  =   Fundamental Scientific Library of NAS RA

Механизация и электрификация сельского хозяйства : (Record no. 238182)

MARC details
000 -LEADER
fixed length control field 01338nam a2200253 a 4500
001 - CONTROL NUMBER
control field 000656258
003 - CONTROL NUMBER IDENTIFIER
control field AM-YeHGA
005 - DATE AND TIME OF LATEST TRANSACTION
control field 20250617141419.0
008 - FIXED-LENGTH DATA ELEMENTS--GENERAL INFORMATION
fixed length control field 090507s1976 bw |||||r|||||000|0|rus|d
040 ## - CATALOGING SOURCE
Original cataloging agency AM-YeHGA
041 0# - LANGUAGE CODE
Language code of text/sound track or separate title rus
090 ## - LOCALLY ASSIGNED LC-TYPE CALL NUMBER (OCLC); LOCAL CALL NUMBER (RLIN)
-- 239753
245 00 - TITLE STATEMENT
Title Механизация и электрификация сельского хозяйства :
Remainder of title Сборник научных работ аспирантов /
Statement of responsibility, etc. ЦНИИМЭСХ; Ред. В.П. Вишнякова.
246 14 - VARYING FORM OF TITLE
Title proper/short title Сборник научных работ аспирантов
260 ## - PUBLICATION, DISTRIBUTION, ETC.
Place of publication, distribution, etc. Минск :
Name of publisher, distributor, etc. Б. и.,
Date of publication, distribution, etc. 1976.
300 ## - PHYSICAL DESCRIPTION
Extent 198, 7 с. :
Other physical details рис. ;
Dimensions 20 см.
504 ## - BIBLIOGRAPHY, ETC. NOTE
Bibliography, etc. note Списки лит. в конце работ
650 14 - SUBJECT ADDED ENTRY--TOPICAL TERM
Topical term or geographic name entry element Сельскохозяйственные машины и орудия
650 14 - SUBJECT ADDED ENTRY--TOPICAL TERM
Topical term or geographic name entry element Механизация сельского хозяйства
653 0# - INDEX TERM--UNCONTROLLED
Uncontrolled term Сельское хозяйство - Электрификация
653 0# - INDEX TERM--UNCONTROLLED
Uncontrolled term Сельское хозяйство - Механизация
700 1# - ADDED ENTRY--PERSONAL NAME
Personal name Вишнякова, В.П.
Relator term ред.
Relationship edt
710 2# - ADDED ENTRY--CORPORATE NAME
Corporate name or jurisdiction name as entry element Центральный научно-исследовательский институт механизации и электрификации сельского хозяйства Нечерноземной зоны СССР
Holdings
Withdrawn status Lost status Damaged status Not for loan Collection Home library Current library Date acquired Total checkouts Full call number Barcode Date last seen Price effective from Koha item type Public note
        General Fundamental Scientific Library Fundamental Scientific Library 29/12/2016   PII/391452 FL0387712 29/12/2016 29/12/2016 Գրքեր / Books 30 Days Loan


ՀՀ ԳԱԱ հիմնարար գիտական գրադարան
ՀՀ,Երևան 0019
Մարշալ Բաղրամյան 24/6
հեռախոս:(374-10) 52-47-50
Հետադարձ կապ

All site content, except where otherwise noted, is licensed under a
Creative Commons License